000 04606cgm a2200829 i 4500
001 1341684252
005 20221221122509.0
007 vd cvaizs
008 220822p20222019xxu096 e vlspa d
020 _a9781681439884
020 _a1681439883
024 1 0 _a715515278218
024 7 _a00715515278218
_2gtin-14
028 4 2 _a15265659
028 4 2 _aCC3412DDVD
_bThe Criterion Collection
035 _a(OCoLC)1341684252
_z(OCoLC)1343159133
_z(OCoLC)1346439285
_z(OCoLC)1346580073
035 _a2379930
035 _a(MWT)on1341684252
035 _a(OCoLC)on1341684252
037 _a15265659
037 _bMidwest Tape
_nhttp://www.midwesttapes.com
040 _aTEFMT
_beng
_erda
_cTEFMT
_dTEF
_dOCLCF
_dTEFMT
_dJTH
_dTOH
_dDYJ
_dKCK
_dJRI
_dGK8
_dRB0
_dDPL
041 1 _aspa
_hspa
043 _ancgt---
046 _k2019
050 4 _aPN1997.2
_b.I46 2022
082 0 4 _a791.43/72
_223/eng/20220823
092 _aNonfiction DVD
099 _aDVD
_aSPANISH
_aL
245 0 3 _aLa llorona /
_cLa Casa de Producción ; en coproducción con Les Films du Volcan presentan ; una película de Jayro Bustamante ; guión, Jayro Bustamante, Lisandro Sanchez ; productores, Jayro Bustamante, Gustavo Matheu, Georges Renand, Marina Peralta ; dirección, Jayro Bustamante.
257 _aGuatemala
_aFrance
264 1 _a[United States] :
_bThe Criterion Collection,
_c[2022]
300 _a1 videodisc (96 min.) ;
_c4 3/4 in.
336 _atwo-dimensional moving image
337 _avideo
338 _avideodisc
490 1 _aThe Criterion collection ;
_v1156.
500 _aSpecial features: 2K digital master; New interview; Documentary on the making of the film; Trailer; Essay.
508 _aDirector of photography, Nicolás Wong Díaz; editing, Gustavo Matheu, Jayro Bustamante; music, Pascual Reyes.
511 1 _aMaria Mercedes Coroy, Sabrina De La Hoz, Margarita Kénefic, Julio Díaz, María Telón.
520 _aA country's bloody history stains the present in the Guatemalan auteur Jayro Bustamante's transfixing fusion of folk horror and searing political commentary, inspired by the real-life indictment of the authoritarian Efraín Ríos Montt for crimes against humanity. A notorious, now aging former military dictator stands trial for atrocities committed against Guatemala's Mayan communities. While battling legal repercussions and the people's demands for justice, he and his family are plagued by a series of increasingly strange and disturbing occurrences, seemingly brought on by an enigmatic new housekeeper. With a restraint that renders the film's shocks all the more potent, Bustamante crafts a chilling vision of a national reckoning with collective harms and the restless ghosts of a past that refuses to die. Spoken in Spanish, IXIL, and Kaqchikel with English subtitles.
538 _aDVD, wide screen (2.39:1 aspect ratio); 5.1 Dolby Digital; surround.
540 _aFor private home use only.
546 _aSpanish dialogue; English subtitles.
546 _aIn Spanish with English subtitles.
546 _aClosed captioned for the hearing impaired.
650 0 _aGenocide
_zGuatemala
_y20th century
_vDrama.
_96460004
650 0 _aWar crimes
_zGuatemala
_xHistory
_y20th century
_vDrama.
_96460005
655 7 _aHorror films.
_2lcgft.
655 7 _aFeature films.
_2lcgft.
655 7 _aFiction films.
_2lcgft.
655 7 _aHistorical films.
_2lcgft.
655 0 _aForeign films.
655 0 _aVideo recordings for the hearing impaired.
700 1 _aCoroy, María Mercedes,
_eactor.
_96460006
700 1 _aHoz, Sabrina de la,
_eactor.
_96460007
700 1 _aKénefic, Margarita,
_eactor.
_96460008
700 1 _aTelón, María,
_eactor.
_96460009
700 1 _aBustamante, Jayro,
_escreenwriter,
_efilm director,
_efilm producer,
_eeditor of moving image work.
_96460010
700 1 _aSanchez, Lisandro,
_escreenwriter.
_96460011
700 1 _aMatheu, Gustavo,
_efilm producer,
_eeditor of moving image work.
_96460012
700 1 _aRenand, Georges,
_efilm producer.
_96460013
700 1 _aPeralta, Marina,
_efilm producer.
_96460014
700 1 _aReyes, Pascual,
_ecomposer (expression)
_96460015
710 1 _aGuatemala.
_bMinisterio de Cultura y Deporte,
_eproduction company.
_96460016
710 2 _aCasa de Producción (Firm),
_eproduction company.
_96460017
710 2 _aFilms du Volcan,
_eproduction company.
_96460018
710 2 _aCriterion Collection (Firm),
_epublisher.
_964722
830 0 _aCriterion collection ;
_v1156.
_940512
907 _a.b469332220
942 _2ddc
_cDVD
999 _c379726
_d379726